000 00610nam a22002177a 4500
003 UA-OsUOA
001 45232
007 ta
008 20070403b un ||||| |||| 00| 0 ukr d
100 _aБарановський О.
090 _a330(477)
_bБ-11
942 _cSA
040 _aUA-OsUOA
_bukr
_cUA-OsUOA
_dUA-OsUOA
245 _aІноземці В Росії: страшно, але дуже хочеться
300 _aС.7
955 _a0
041 _aukr
080 _a330(477)
773 0 _w45231
_tУкраїна- business
_dК.
_d2007
_g12
650 7 _a330 Економіка взагалі
_2UDC
999 _c331334
_d331334